Chappell Roan de A à Z - Statistiques

Statistiques générales
  • Ce quiz a été pris 21 fois
  • Le résultat moyen est 8 sur 14
Statistiques - réponses
Lettre Titres % Correct
P Picture You/Pink Pony Club
83%
T The Giver/The Subway
78%
C California/Casual/Coffee
67%
M My Kink Is Karma
67%
H HOT TO GO!
61%
K Kaleidoscope
61%
R Red Wine Supernova
61%
F Femininomenon
56%
G Good Hurt/Good Luck, Babe!/Guilty Pleasure
56%
N Naked in Manhattan
44%
A After Midnight
39%
L Love Me Anyway
39%
S School Nights/Super Grapic Ultra Modern Girl
39%
B Bitter
33%
Aucun quiz correspondant
Distribution des résultats
% des personnes avec chaque résultat
Percentile par nombre de réponses
Votre historique - résultats
Vous n’avez pas pris ce quiz